[Event "SIO (Open)"]
[Site "Twin Falls, ID"]
[Date "2015.11.14"]
[Round "1.5"]
[White "Hawkins, Nicholas B"]
[Black "Nathan, Jacob Ari"]
[Result "1-0"]
[WhiteElo "1713"]
[BlackElo "1478"]
[EventRounds "4"]
[EventCountry "USA"]

1. e4 e6 2. d4 d5 3. Nd2 c5 4. Ngf3 cxd4 5. exd5 exd5 6. Nxd4 Bc5 7. N2f3 Qb6
8. Bb5+ Bd7 9. Bxd7+ Nxd7 10. O-O O-O-O 11. c3 a5 12. a3 Bxd4 13. Nxd4 Ne7 14.
b4 Nc6 15. Be3 Nxd4 16. Bxd4 Qg6 17. bxa5 f6 18. Rb1 Ne5 19. Qb3 Rd7 20. Bxe5
fxe5 21. Rfd1 h5 22. a6 Qxa6 23. Rxd5 Rxd5 24. Qxd5 Rd8 25. Qxe5 Qxa3 26. Qxg7
Qb3 27. Re1 Rd1 28. Qf8+ Kc7 29. Qe7+ Rd7 30. Qc5+ Kd8 31. h3 {#r} 1-0

[Event "SIO (Open)"]
[Site "Twin Falls, ID"]
[Date "2015.11.14"]
[Round "2.6"]
[White "Nathan, Jacob Ari"]
[Black "Inman, James"]
[Result "1-0"]
[WhiteElo "1478"]
[BlackElo "1783"]
[EventRounds "4"]
[EventCountry "USA"]

1. e4 c6 2. d4 d5 3. Bd3 dxe4 4. Bxe4 Nf6 5. Nc3 Nxe4 6. Nxe4 Bf5 7. Ng3 Bg6
8. Nf3 Nd7 9. Nh4 e6 10. Nxg6 hxg6 11. Ne4 Nf6 12. Nxf6+ Qxf6 13. Be3 Bd6 14.
Qg4 Rh4 15. Qe2 Bxh2 16. O-O-O Bd6 17. Rxh4 Qxh4 18. d5 cxd5 19. Qb5+ Kf8 20.
Qxb7 Rb8 21. Qxa7 Qb4 22. Bd4 e5 23. Bc3 Qc4 24. Qd7 Qc5 25. a3 Qb6 26. b4 Rd8
27. Qh3 Qxf2 28. Rxd5 Qf4+ 29. Bd2 Qc4 30. Qh8+ Ke7 31. Bg5+ Ke6 32. Qxd8 Kxd5
33. Be7 Qf4+ 34. Kb1 Qf1+ 35. Kb2 Qa6 36. Qxd6+ Qxd6 37. Bxd6 {The rest of the
game was not recorded--Jeffrey Roland.} {#r} 1-0

[Event "SIO (Open)"]
[Site "Twin Falls, ID"]
[Date "2015.11.14"]
[Round "3.5"]
[White "Amen, Chris"]
[Black "Nathan, Jacob Ari"]
[Result "1-0"]
[WhiteElo "1735"]
[BlackElo "1478"]
[EventRounds "4"]
[EventCountry "USA"]

1. e4 e6 2. d4 d5 3. Nd2 c5 4. exd5 Qxd5 5. Ngf3 cxd4 6. Bc4 Qd6 7. O-O a6 8.
Nb3 b5 9. Bd3 Nf6 10. Nbxd4 Bb7 11. c3 Qc7 12. Qe2 Bd6 13. Bg5 Nbd7 14. Rad1
O-O 15. Bxb5 axb5 16. Nxb5 Ba6 17. Nxc7 Bxe2 18. Rxd6 Rac8 19. Nxe6 fxe6 20.
Rc1 Nc5 21. Nd4 Nfe4 22. Rb6 Bc4 23. Be7 Rxf2 24. Bxc5 Rxc5 25. b3 Bd3 26. c4
Rxa2 27. Nxe6 Rf5 28. Rb7 g6 29. Rg7+ Kh8 30. Rd7 Ra8 31. Rxd3 Re8 32. Rd8
Rxd8 33. Nxd8 Rf6 34. c5 Nd2 35. b4 Kg8 36. c6 Kf8 {#r} 1-0

[Event "SIO (Open)"]
[Site "Twin Falls, ID"]
[Date "2015.11.14"]
[Round "4.6"]
[White "Nathan, Jacob Ari"]
[Black "Nyblade, Wesley"]
[Result "1-0"]
[WhiteElo "1478"]
[BlackElo "1516"]
[EventRounds "4"]
[EventCountry "USA"]

1. e4 a6 2. d4 d6 3. Bc4 g6 4. Nf3 Bg7 5. O-O Bg4 6. Bxf7+ Kf8 7. Bb3 Bxd4 8.
Qxd4 Nf6 9. Ng5 e5 10. Qc4 d5 11. exd5 Qd6 12. Bd2 Kg7 13. a4 a5 14. Nc3 c6
15. Rae1 Na6 16. f3 Bd7 17. Rf2 Nc5 18. dxc6 Be6 19. Nxe6+ Nxe6 20. cxb7 Rae8
21. f4 Ng4 22. fxe5 Nxe5 23. Qe4 Nc5 24. Qd5 Nxb7 25. Qxb7+ Nd7 26. Rf7+ {#r}
1-0

[Event "BCC #12"]
[Site "Boise, ID"]
[Date "2015.12.05"]
[Round "2.3"]
[White "Nathan, Jacob Ari"]
[Black "Liu, James"]
[Result "0-1"]
[WhiteElo "1527"]
[BlackElo "1209"]

1. e4 c5 2. Nf3 e6 3. Nc3 Nc6 4. Bb5 a6 5. Bxc6 bxc6 6. O-O d5 7. d3 Bd6 8.
Re1 Ne7 9. e5 Bc7 10. Na4 Bb6 11. Nxb6 Qxb6 12. Ng5 O-O 13. Qh5 h6 14. Nh3 Nf5
15. Be3 Nxe3 16. Rxe3 Qxb2 17. Qd1 Rb8 18. Re1 Bd7 19. c4 Rb4 20. Qb1 Qc3 21.
Qd1 Rfb8 22. Rc1 Qa3 23. Qc2 Rb2 24. Qd1 Rxa2 25. Ra1 Rbb2 26. Rxa2 Qxa2 27.
Qa1 Qxa1 28. Rxa1 Rd2 29. g3 Rxd3 30. Rxa6 dxc4 31. Ra2 c3 32. Kf1 Kh7 33. Ke2
Rd5 34. f4 Kg6 35. Rc2 Kf5 36. Rxc3 Bc8 37. Nf2 g5 38. fxg5 hxg5 39. Rf3+ Kg6
40. Ng4 Ba6+ 41. Kf2 Rd4 42. Rf6+ Kg7 43. Ne3 c4 44. Rf3 Rd3 45. Ke2 c3 46.
Nf5+ exf5 47. Rxd3 Bxd3+ 48. Kxd3 Kf8 49. Kxc3 Ke7 50. h4 gxh4 51. gxh4 Ke6
52. h5 Kxe5 53. h6 Kf6 54. Kd4 Kg6 55. Ke5 Kxh6 56. Kxf5 Kg7 57. Ke5 Kg6 58.
Kd6 f5 59. Kxc6 f4 {#R} 0-1

[Event "BCC #12"]
[Site "Boise, ID"]
[Date "2015.12.05"]
[Round "3.5"]
[White "Sanderson, Kenneth"]
[Black "Nathan, Jacob Ari"]
[Result "0-1"]
[WhiteElo "1423"]
[BlackElo "1527"]

1. e4 e6 2. d4 d5 3. Nc3 c5 4. Nf3 Nf6 5. Bg5 Be7 6. e5 Nfd7 7. Bxe7 Qxe7 8.
Nb5 Nb6 9. Nd6+ Kf8 10. Nxc8 Nxc8 11. c3 Nc6 12. Bb5 cxd4 13. cxd4 Qb4+ 14.
Qd2 Qxb5 15. Qe2 Qb4+ 16. Qd2 Qxd2+ 17. Kxd2 Nb6 18. Rac1 Ke7 19. b3 Rhc8 20.
a3 Na5 21. Rc3 Rxc3 22. Kxc3 Rc8+ 23. Kb2 f6 24. Re1 Rc6 25. Nd2 Kf7 26. f4
Nc8 27. g4 Ne7 28. Re3 Rb6 29. Rc3 Nec6 30. Nf3 h6 31. Kc2 fxe5 32. fxe5 Ne7
33. Nd2 Rc6 34. b4 Rxc3+ 35. Kxc3 Nc4 36. Nxc4 dxc4 37. Kxc4 Nd5 38. Kc5 Ke7
39. a4 Kd7 40. a5 Kc7 41. h3 g5 42. b5 b6+ 43. axb6+ axb6+ 44. Kc4 Nf4 {#R}
0-1

[Event "BCC #12"]
[Site "Boise, ID"]
[Date "2015.12.05"]
[Round "4.3"]
[White "Amen, Chris"]
[Black "Nathan, Jacob Ari"]
[Result "0-1"]
[WhiteElo "1701"]
[BlackElo "1527"]

1. e4 e6 2. d4 d5 3. Nd2 c5 4. exd5 Qxd5 5. Ngf3 cxd4 6. Bc4 Qd6 7. O-O Nf6 8.
Nb3 Nc6 9. Nbxd4 Nxd4 10. Nxd4 Qc7 11. Qe2 Bd6 12. h3 a6 13. Bg5 Be7 14. c3
O-O 15. Rae1 Re8 16. Bb3 b5 17. Bc2 Bb7 18. f4 Bd5 19. Qf2 Bc4 20. Qh4 h6 21.
Rf3 Nh7 22. Bxe7 Qxe7 23. Qf2 Nf6 24. Nc6 Qc7 25. Ne5 Bd5 26. Rfe3 Rad8 27. a3
Nd7 28. Qh4 Nxe5 29. fxe5 Qc4 30. Qh5 Qf4 31. R3e2 Rd7 32. Rf2 Qg3 33. Ref1
Qe3 34. Kh2 Bc4 35. Rf3 Qg5 36. Qxg5 hxg5 37. R1f2 Red8 38. Kg3 Bd3 39. Bxd3
Rxd3 40. Kg4 Rxf3 41. Kxf3 Kh7 42. Ke3 Kg6 43. g4 Rd1 44. b3 Rh1 45. c4 Rb1
46. c5 Rxb3+ 47. Kd4 Rxa3 48. Rc2 Ra4+ 49. Kc3 f6 50. exf6 gxf6 51. Kb3 Kf7
52. c6 Rc4 53. Rxc4 bxc4+ 54. Kxc4 Ke7 55. Kc5 Kd8 56. Kb6 Kc8 57. Kxa6 Kc7
58. Kb5 f5 59. Kc5 f4 60. Kd4 e5+ 61. Ke4 Kxc6 62. h4 gxh4 63. g5 Kd6 {#R} 0-1

[Event "ICA Spring Open (Open)"]
[Site "Pocatello, ID"]
[Date "2016.04.23"]
[Round "1.2"]
[White "Nathan, Jacob Ari"]
[Black "Deshpande, Nakul"]
[Result "1-0"]
[WhiteElo "1566"]
[BlackElo "1880"]
[EventRounds "4"]
[EventCountry "USA"]

1. e4 e5 2. Nf3 Nc6 3. d4 exd4 4. Bc4 Nf6 5. e5 d5 6. Bb5 Ne4 7. Nxd4 Bd7 8.
Bxc6 bxc6 9. O-O Bc5 10. f3 Ng5 11. f4 Ne4 12. Nc3 Nxc3 13. bxc3 O-O 14. Kh1
f6 15. exf6 Qxf6 16. Be3 Rae8 17. Qd2 Re4 18. Rae1 Rfe8 19. Rf3 Bg4 20. Rg3
Qxf4 21. Kg1 Rxd4 22. cxd4 Bxd4 23. Qf2 Qe4 24. Qd2 c5 25. Qd3 Qe6 26. Kh1 Bf6
27. Qd2 Bh4 28. Bf2 Bg5 29. Rxe6 Bxd2 30. Rxe8+ Kf7 31. Rxg4 Kxe8 32. Rxg7 d4
33. Rxh7 Be3 34. Bxe3 dxe3 35. Kg1 {#r} 1-0

[Event "ICA Spring Open (Open)"]
[Site "Pocatello, ID"]
[Date "2016.04.23"]
[Round "2.3"]
[White "Horsley, John"]
[Black "Nathan, Jacob Ari"]
[Result "1/2-1/2"]
[WhiteElo "1352"]
[BlackElo "1566"]
[EventRounds "4"]
[EventCountry "USA"]

1. e4 e6 2. Nf3 d5 3. exd5 exd5 4. d4 Bd6 5. Bg5 f6 6. Bh4 Ne7 7. Bg3 Bxg3 8.
hxg3 Nbc6 9. Bd3 Bf5 10. Nc3 Qd7 11. Qd2 O-O-O 12. O-O-O Bxd3 13. Qxd3 Ng6 14.
Rde1 Kb8 15. Na4 Nb4 16. Qb3 Na6 17. Re3 Ne7 18. Nc5 Nxc5 19. dxc5 Nc6 20.
Rhe1 Na5 21. Qb4 Nc6 22. Qb5 a6 23. Qa4 Rhe8 24. Nd4 Rxe3 25. Rxe3 Nxd4 26.
Qxd4 Re8 27. Rxe8+ Qxe8 28. Kd2 Qe5 29. Qxe5 fxe5 30. Kd3 c6 31. c4 Kc7 32. b3
b6 33. cxb6+ Kxb6 34. f3 Kc5 35. a3 a5 36. cxd5 cxd5 37. Kc3 h5 38. Kd3 g6 39.
Kc3 g5 40. Kd3 g4 41. Kc3 d4+ 42. Kd3 Kd5 43. Ke2 Kc5 44. Kd3 Kb5 45. Kc2 a4
46. b4 Kc4 47. Kd2 d3 48. b5 Kxb5 49. Kxd3 gxf3 50. gxf3 Kc5 51. Kc3 Kb5 52.
Kd3 Kc5 53. Kc3 Kb5 {#d} 1/2-1/2

[Event "ICA Spring Open (Open)"]
[Site "Pocatello, ID"]
[Date "2016.04.23"]
[Round "3.2"]
[White "Morrow, Hans M"]
[Black "Nathan, Jacob Ari"]
[Result "1-0"]
[WhiteElo "1900"]
[BlackElo "1566"]
[EventRounds "4"]
[EventCountry "USA"]

1. c4 e5 2. Nc3 Nc6 3. Nf3 g6 4. d4 exd4 5. Nxd4 Nge7 6. Bg5 Bg7 7. e3 O-O 8.
Be2 d6 9. O-O Nxd4 10. exd4 Qe8 11. Qd2 Nf5 12. Be3 Nxe3 13. fxe3 Bh6 14. Nd5
c6 15. Nf6+ {#r} 1-0

[Event "ICA Spring Open (Open)"]
[Site "Pocatello, ID"]
[Date "2016.04.23"]
[Round "4.4"]
[White "Nathan, Jacob Ari"]
[Black "McCourt, Daniel"]
[Result "1-0"]
[WhiteElo "1566"]
[BlackElo "1711"]
[EventRounds "4"]
[EventCountry "USA"]

1. e4 e6 2. d4 d5 3. Nc3 Bb4 4. e5 Ne7 5. f4 c5 6. Nf3 Bd7 7. a3 Bxc3+ 8. bxc3
Nbc6 9. Be3 Nf5 10. Bf2 c4 11. Be2 h6 12. O-O g5 13. fxg5 hxg5 14. Qd2 Rg8 15.
g4 Nh4 16. Nxg5 Rxg5 17. Bxh4 Rxg4+ 18. Bxg4 Qxh4 19. Qf4 O-O-O 20. Bxe6 {#r}
1-0